000 00438nam a2200181Ia 4500
001 24162
005 20260414151025.0
008 260414t1977||||xx |||||||||||||| ||spa||
041 _aESP
082 _a791.436
_bM522
100 _aMcConnell, Frank D.
_eAUT
245 0 _aEl cine y la imaginación romántica
_b
260 _c1977
300 _a204 páginas :
_c20 cm.
650 _aABD
654 _aCAU
942 _cLIB
_dJUS
_fJUS
_2ddc
_n
999 _c24162
_d24162